[Event "Dyfed Open"]
[Site "?"]
[Date "2018.02.16"]
[Round "1"]
[White "Morcom, Huw"]
[Black "Probert, Malcolm"]
[Result "1-0"]
[WhiteElo "1913"]
[BlackElo "1601"]
[Annotator "Rudy"]
[PlyCount "65"]
[EventDate "2018.??.??"]

1. e4 g6 2. d4 Bg7 3. Nf3 c6 4. Be2 d5 5. Nbd2 (5. e5) (5. Nc3) (5. exd5) 5...
Nh6 6. O-O O-O 7. h3 (7. Re1) 7... f6 8. c4 (8. Re1) 8... dxe4 (8... e6 9. b3
Nd7 10. Bb2 Nb6 11. Qc2 Bd7 12. Rfe1 Nf7 13. Bd3 Re8 14. e5 fxe5 15. dxe5 Nc8
16. Nf1 Ne7 17. N1h2 {Womacka-Schatz, Bayern ch, Bank Hoffmann, Tegernzee 2017,
1-0}) (8... Nf7 9. Qb3 Qb6 10. cxd5 Qxb3 11. Nxb3 cxd5 12. exd5 b6 13. Re1 Rd8
14. Bf4 Bf8 15. Bc7 Rd7 16. Rac1 Ba6 {Georgi-Meyer, Nuremberg op 1990,1/2-1/2})
9. Nxe4 Nf7 10. Be3 Nd7 11. Qd2 e5 12. dxe5 Ndxe5 13. Rad1 Nxf3+ 14. Bxf3 Qxd2
15. Rxd2 f5 $11 (15... Ne5 16. Be2 $14) 16. Nd6 (16. Ng5 Ne5 17. Be2 h6 18. Nf3
Nxf3+ 19. Bxf3 Be6 20. b3 Rfd8 $11 {Komodo11}) 16... Nxd6 17. Rxd6 Be5 (17...
Bxb2 18. Rb1 Be5 19. Rdd1 Bf6 20. Rd6 Be7 21. Rd2 a5 $15 {Komodo11}) 18. Rd2
Be6 $11 19. b3 Kf7 (19... a5) 20. Bc5 Rfe8 21. Rfd1 $14 Bf6 22. Rd7+ {gaining
pawns for the exchange , which is quite difficult for Bl to meet accurately}
Bxd7 23. Rxd7+ Be7 (23... Kg8 24. Rxb7 Re6 25. g3 $14 {Komodo11}) 24. Rxb7 $16
Kf8 25. Bxa7 (25. Bd4 Reb8 26. Bxc6 Rxb7 27. Bxb7 Rb8 28. Bd5 $14 {Komodo11})
25... Rec8 (25... Bd6 26. Be3 (26. a4 Re1#) 26... Rxa2 27. g3 $11 {Komodo11})
26. a4 $18 c5 (26... Rxa7 27. Rxa7 Rb8 28. Bxc6 Rxb3 29. Bd5 $18 {Komodo11})
27. Rxe7 (27. a5) 27... Kxe7 28. Bxa8 Rxa8 29. Bxc5+ Ke6 30. f4 (30. Bb6 $18)
30... Kd7 (30... Rd8 {the R needs to get behind the pawns, but there are too
many of them} 31. a5 Rd2 32. b4 Ra2 33. Bb6 Ra4 34. b5 Rxc4 35. a6 Kd7 36. Ba7
Rxf4 37. b6 $18) 31. Bb6 Kc6 32. a5 Rd8 33. Bxd8 1-0

[Event "Dyfed Open"]
[Site "?"]
[Date "2018.02.16"]
[Round "1"]
[White "Hurn, Robert AJ"]
[Black "Taylor, Robert Graham"]
[Result "1/2-1/2"]
[WhiteElo "1592"]
[BlackElo "1906"]
[Annotator "Rudy"]
[PlyCount "45"]
[EventDate "2018.??.??"]

1. d4 Nf6 2. c4 g6 3. f3 Bg7 4. e4 d6 5. Nc3 O-O 6. Be3 Nbd7 7. Nh3 e5 (7... c5
) 8. d5 Nc5 (8... Nh5) (8... Ne8) 9. Nf2 Ne8 (9... a5 {main}) 10. g4 a5 (10...
Qh4 11. Qd2 f5 12. Bg5 {Karpov-Reymann, sim Besancon 1999,1-0}) 11. Qd2 Bd7 (
11... f5 {main}) 12. Nd3 (12. O-O-O Na4 13. h4 Nxc3 14. Qxc3 c6 15. Kb1 a4 16.
h5 {Elsness-Novikov, Manhems op 1998,1-0}) 12... b6 13. Nxc5 (13. h4 $16) 13...
dxc5 14. Bd3 (14. h4 $16) 14... Nd6 (14... Qh4+ 15. Ke2 f5 $11 {Komodo11}) 15.
O-O-O Qe7 (15... f5 16. exf5 gxf5 17. gxf5 (17. Rhg1 e4 18. fxe4 fxg4 19. h3
$14) 17... Bxf5 18. Ne4 Qh4 19. Rhg1 Kh8 20. Bg5 Qh3 21. Rg3 Qh5 22. Rdg1 $16 {
Komodo11}) 16. h4 $16 a4 17. h5 f6 18. hxg6 hxg6 19. Qh2 (19. g5 f5 20. exf5
Bxf5 (20... Rxf5 $5) 21. Ne4 $16 {Komodo11}) 19... Kf7 20. Qg2 Rh8 21. Rxh8
Rxh8 22. Rh1 Qf8 23. Rh2 {(draw?)} 1/2-1/2

[Event "Dyfed Open"]
[Site "?"]
[Date "2018.02.16"]
[Round "1"]
[White "Moore, Robert"]
[Black "Jansen Van Rensburg, Leon"]
[Result "1-0"]
[WhiteElo "1840"]
[BlackElo "1528"]
[Annotator "Rudy"]
[PlyCount "75"]
[EventDate "2018.??.??"]

1. Nf3 d6 2. d4 Nf6 3. Nbd2 g6 4. e4 Bg7 5. Bd3 Nbd7 6. O-O O-O 7. c3 e5 8.
dxe5 (8. Re1) 8... Nxe5 (8... dxe5) 9. Nxe5 dxe5 10. Qe2 (10. Nc4 {main}) 10...
a6 $146 {might not be relevant to the Bl setup here} (10... Nh5) (10... Qe7) (
10... c6) 11. Rd1 Qe7 12. Nf1 b5 (12... Be6 {d5 needs to be controlled to
prevent a Wh N getting there}) 13. f3 (13. a4 $14) 13... Be6 14. Be3 c5 (14...
c6) 15. b3 (15. c4 $14 {Komodo11; Wh can get a N to d5 quicker than Bl can get
one to d4}) 15... Rac8 16. c4 b4 17. a3 a5 18. axb4 axb4 19. Qf2 (19. Bg5 $14 {
releases e3 for the N}) 19... Nd7 20. Ra7 Qd6 (20... Ra8) 21. Bc2 Qc6 22. Rda1
Ra8 $11 23. Rxa8 (23. Qd2) 23... Rxa8 24. Rxa8+ Qxa8 25. Bxc5 (25. g4 Bf8 26.
h4 Qa7 $11 {Komodo11}) 25... Nxc5 26. Qxc5 Qa2 (26... Bf8 $1 {Komodo11} 27. Qb6
(27. Qxe5 Qa7+ 28. c5 (28. Kh1 Qf2 29. Qa1 Qxc2 $19) 28... Bxc5+ 29. Kh1 Bf8
30. Qg5 Qf2 31. Qc1 Bc5 32. Ng3 Bh3 $1 33. Qf1 Qxc2 34. gxh3 Qxb3 $19) 27...
Qa1 28. Qf2 h5 29. h3 Qc3 30. Kh2 h4 31. Bd1 Be7 $15 {Bl has plenty of
compensation for the pawn on the bl squares. Wh's extra pawn can't move & his
Bl is bad}) 27. Qf2 Bxc4 {precipitous, better prepared slowly} (27... Bf8 $17)
28. bxc4 b3 29. Bd3 $14 b2 $2 (29... Bf8 30. Qe1 Qb2 31. Kh1 Qd4 32. Qd1 b2 33.
h3 $16) 30. Qc2 $18 {the pawn is blocked and the 2 Bl pieces have little
mobility} Bh6 (30... Qa7+ 31. c5 Bf8 32. Kh1 Bxc5 33. Qxb2 Bd4 34. Qb5 $18) 31.
c5 Qa1 32. Qb1 (32. c6) 32... Bc1 33. Kf2 Qa5 34. Qc2 Kf8 35. c6 Qc7 36. Qc5+
Ke8 37. Ne3 Kd8 38. Qf8# 1-0

[Event "Dyfed Open"]
[Site "?"]
[Date "2018.02.16"]
[Round "1"]
[White "Jones, Dewi"]
[Black "Haigh, Tony"]
[Result "1/2-1/2"]
[WhiteElo "1512"]
[BlackElo "1799"]
[Annotator "Rudy"]
[PlyCount "33"]
[EventDate "2018.??.??"]

1. e4 Nf6 2. e5 Nd5 3. d4 d6 4. Nf3 c6 5. Bc4 (5. Be2) (5. c4) 5... Bg4 6. Bf4
$2 (6. h3) (6. O-O) 6... Nxf4 $19 7. Bxf7+ {lets have some fun while it lasts}
Kd7 (7... Kxf7 8. Ng5+ Kg8 9. Qxg4 dxe5 10. Qf5 Qe8 11. Qxe5 h6 12. Qxf4 hxg5
13. Qxg5 e5 {Komodo11; a bit hair-raising, but should be sufficient to win}) 8.
h3 Bxf3 (8... Nxg2+ 9. Kf1 Bxf3 10. Qxf3 Nh4 11. Qg4+ e6 12. Bxe6+ Kc7 {
Komodo11- The Bl K is safe, the Wh one is less so}) 9. Qxf3 Qa5+ {helps Wh
develop} (9... dxe5 10. g3 Nd5 11. dxe5 Qa5+ 12. c3 Kc7 13. O-O Nd7 14. e6 Ne5
15. Qe2 Nb6 16. Re1 Nxf7 17. exf7 Qf5 {Komodo11; and the Bl pieces will
gradually emerge}) 10. Nc3 $11 (10. Nd2 Nd5 11. c4 Nc7 12. a3 $11 {Komodo11})
10... Nd5 (10... dxe5 11. O-O-O Kc7 12. dxe5 g5 13. g3 Ng6 14. Qf5 Bg7 15. Bxg6
hxg6 16. Qf7 Bf8 (16... Bxe5 17. Qxe7+ Kb6 18. Rd3 $18) 17. Qe8 b6 18. Kb1 Qxe5
19. Rhe1 Qf6 20. Rd8 Kb7 21. Nd5 $1 cxd5 22. Rxb8+ Rxb8 23. Qd7+ Ka8 24. Qxd5+
Rb7 25. Qd8+ $11 {repetition; Komodo11}) 11. Bxd5 (11. Qf5+ Kc7 12. Bxd5 cxd5
13. exd6+ exd6 14. O-O Nc6 15. b4 Nxb4 16. a3 Nc6 17. Nxd5+ Kd8 18. Rab1 $16 {
Komodo11}) 11... cxd5 12. O-O-O (12. exd6 Na6 13. O-O Kxd6 (13... e6 14. Qf7+
Kxd6 15. Rfe1 Nc7 16. a3 $11 Re8 17. b4 Qb6 18. Nxd5 exd5 19. Rxe8 Nxe8 20.
Qxe8 Qc6 21. Qb8+ Qc7 22. Qe8 Qd7 23. Qb8+ {repetition}) 14. b4 Nxb4 15. Rfb1
Rd8 16. a3 Nc6 17. Rb5 $18 {Komodo11}) 12... Nc6 13. Nxd5 (13. exd6 e6 14. Qf7+
Kxd6 15. Rhe1 Nd8 16. Qe8 Kc7 17. Kb1 Rc8 18. Nb5+ Kb8 19. Nd6 Rxc2 20. Kxc2
Qc7+ 21. Nc4 g6 22. Kb1 dxc4 23. Rc1 Bg7 $17 {Komodo11; the Bl pieces are
emerging}) 13... Re8 (13... Qxa2 $1 14. exd6 g6 15. dxe7 Bh6+ 16. Ne3 Rhc8 $19
{Komodo11}) 14. Qf5+ (14. Qf7 $14 Nb4 15. Nxb4 Qxb4 16. Rd3 Rc8 17. Rb3 Qc4 18.
Rxb7+ Kd8 19. Qxc4 Rxc4 20. exd6 exd6 21. Re1 $14 {Komodo11}) 14... e6 $19 15.
Qf7+ Kd8 (15... Be7 $1 $19 {gets Bl's pieces moving} 16. Nc3 (16. exd6 Qxd5 17.
dxe7 Rxe7 $19) 16... d5 $19 {Komodo11}) 16. Qxb7 Qxd5 17. Qa8+ {(draw?)}
1/2-1/2

[Event "Dyfed Open"]
[Site "?"]
[Date "2018.02.17"]
[Round "2"]
[White "Van Kemenade, Rudy"]
[Black "Turner, Matthew J"]
[Result "0-1"]
[WhiteElo "1981"]
[BlackElo "2536"]
[Annotator "Rudy"]
[PlyCount "34"]
[EventDate "2018.??.??"]

1. e4 e5 2. Nf3 Nc6 3. Bc4 Bc5 4. c3 Nf6 5. d3 d6 6. h3 (6. O-O Bb6 7. h3 h6 8.
a4 O-O 9. Re1 a6 10. Nbd2 Ne7 11. a5 Ba7 12. Bb3 Ng6 13. d4 Re8 14. Bc2 Nh5 15.
Nf1 Qf6 {Arakhamia-Grant vs Turner, 4NCL Open, Coventry 2017,1/2-1/2}) 6... Bb6
7. Bb3 h6 (7... Ne7 8. Nbd2 Ng6 9. Nc4 O-O 10. O-O h6 11. Re1 {main}) 8. Nbd2 {
scores better for Wh than here} (8. O-O) 8... O-O (8... Ne7) (8... Be6) 9. Nf1
(9. Nc4 Be6 {considered by both & pm analysis} 10. O-O {74% for Wh}) 9... Nh5
$146 (9... Be6 10. Ng3 {78% for Wh}) (9... d5 10. Qe2 {75% for Wh}) 10. g4 {
not expected by Bl} Nf4 11. Ng3 {improving the position of the N first} (11.
Bxf4 exf4 12. d4 Re8 13. Qe2 a5 14. a4 Ne7 15. N1d2 Ng6 16. O-O-O $11 {Komodo11
}) 11... Be6 12. Bc2 (12. Bxf4 exf4 13. Nh5 g6 14. Nxf4 Qf6 15. Ng2 Ne5 16.
Ngh4 Rae8 17. Qe2 $11 {Komodo11}) (12. Nf5 d5 13. Bxf4 exf4 14. exd5 Bxf5 15.
gxf5 Re8+ 16. Kd2 Ne7 17. d4 Nxf5 18. Qc2 g6 19. Rag1 $14 {Komodo11}) (12. d4
Bxb3 13. axb3 Re8 14. Kf1 a5 15. Bxf4 exf4 16. Nh5 Rxe4 17. Nd2 Re8 18. Kg2 d5
19. Nxf4 Qd6 20. Nd3 $11 {Komodo11}) 12... Re8 (12... d5 $15 13. Nxe5 (13. exd5
Qxd5 14. Ne4 Rad8 15. Bxf4 exf4 16. d4 Na5 17. O-O f5 18. gxf5 Bxf5 19. Re1
Rde8 (19... Bxh3 20. b4 $16) 20. Nfd2 Kh8 21. Qf3 $11 {Komodo11}) 13... Qf6 14.
Qf3 Nxd3+ 15. Bxd3 Nxe5 16. Qxf6 Nxd3+ 17. Kd2 gxf6 18. Kxd3 Bxf2 19. Nh5 dxe4+
20. Kxe4 Kh7 21. Nxf6+ Kg6 22. Rf1 Bh4 23. Nd5 Bxd5+ 24. Kxd5 Rad8+ 25. Kc4
Rfe8 26. Bf4 Re4+ 27. Kb3 Rd3 28. Bxc7 Rxh3 29. Rad1 $11 {Komodo11}) 13. Bxf4
exf4 14. Ne2 (14. Nh5 $11 {Komodo11} Ne5 (14... d5 15. O-O Qd6 16. Bb3 dxe4 17.
dxe4 Qxd1 18. Bxd1 Bc4 19. Re1 Ne5 20. Nxe5 Rxe5 21. Nxf4 Rd8 22. Bb3 Bxb3 23.
axb3 Rd2 24. Re2 Rxe2 25. Nxe2 Rxe4 26. Ng3 Rf4 27. Rf1 $11) 15. d4 Nxf3+ 16.
Qxf3 c5 17. Ba4 Re7 18. dxc5 dxc5 19. Nxf4 (19. Qxf4 Bc7 20. Qe3 $11) 19... Qd6
20. Bc2 $11) 14... Ne5 15. Nxf4 $2 {based on a miscalculation} (15. Nfd4 Qh4
$19 {Matthew}) (15. Ned4 {considered & lengthy pm analysis} Nxf3+ $17 16. Nxf3
d5 17. e5 d4 18. c4 (18. Ba4 c6 19. Bb3 dxc3 20. bxc3 Ba5 21. Rc1 Bxb3 22. axb3
Bc7 23. d4 f6 24. O-O fxe5 25. dxe5 Bxe5 $15 {Komodo11}) 18... f5 $1 19. gxf5
Ba5+ 20. Kf1 Bxf5 $17 {Komodo11 & pm analysis, but position not all that
clearcut in followup lines considered}) 15... Qf6 16. Nxe5 (16. d4 Nxf3+ 17.
Qxf3 g5) 16... dxe5 {missed by Wh} 17. Nxe6 Qxf2# 0-1

[Event "Dyfed Open"]
[Site "?"]
[Date "2018.02.17"]
[Round "2"]
[White "Miles, Richard"]
[Black "Jones, Iolo C"]
[Result "0-1"]
[WhiteElo "1960"]
[BlackElo "2206"]
[Annotator "Rudy"]
[PlyCount "136"]
[EventDate "2018.??.??"]

1. Nf3 Nf6 2. c4 e6 3. g3 b6 4. Bg2 Bb7 5. O-O c5 6. Nc3 d5 (6... Be7 {main})
7. d4 (7. cxd5) 7... dxc4 (7... Be7) 8. Qa4+ Nbd7 9. Qxc4 (9. Bg5) (9. Rd1)
9... Qc8 {rare} (9... a6) (9... Rc8) 10. Rd1 (10. Bg5 cxd4 11. Qxd4 Bc5 12. Qh4
a5 13. Rac1 Bc6 {Mustelin-Tervaniemi,FIN ch tm 1996,1/2-1/2}) 10... cxd4 (10...
a6 11. dxc5 (11. a4 Be7 12. Bf4 {Miles-Karpov, Linares 1983, draw agreed})
11... Bxc5 12. Qh4 O-O 13. Bf4 Bc6 14. Ne5 Bxg2 15. Nxd7 Nxd7 16. Kxg2 Qc6+ 17.
f3 Nf6 18. Rac1 Be7 19. Bg5 {De Jager-Erwich, Haarlem Masters 2015,1-0}) 11.
Qxc8+ Rxc8 12. Nxd4 Bxg2 13. Kxg2 a6 14. Nb3 {retreats a wellplaced piece} (14.
Bg5 Bc5 15. Rac1 Ke7 16. Nf3 Rhd8 17. Ne4 h6 18. Bxf6+ Nxf6 19. Rxd8 Kxd8 20.
Nxc5 Rxc5 21. Rxc5 bxc5 22. Ne5 Nd7 23. Nc4 $14 {Komodo11}) (14. a4 Bb4 15. Na2
Be7 16. f3 O-O 17. e4 Rfd8 18. Be3 Ne5 19. b3 Ba3 20. Rd2 $1 $11 {Olaizola
Ortega-Sanz Rodero, Basque ch tm , Bergara 2012,1-0}) 14... Be7 (14... Bb4 15.
Bd2 Ke7 $11) 15. Bf4 (15. Be3) 15... e5 16. Be3 $14 Ng4 17. Bc1 (17. Nd5 Nxe3+
18. Nxe3 f6 19. Rac1 Rxc1 20. Rxc1 Kf7 21. Rc7 Ke6 22. Rc6+ Kf7 23. Nd5 $16 {
Komodo11}) 17... Ngf6 (17... f5 $11) 18. Be3 Rc6 19. Rac1 $16 Bd8 20. Nd5 {
helps Bl a little by swapping off some pieces} (20. Ne4 $1 Rxc1 21. Nd6+ Kf8 (
21... Ke7 22. Nf5+ Ke8 23. Nxc1 $16) 22. Rxc1 Nd5 23. Bd2 $16 {Komodo11}) 20...
Rxc1 21. Nxf6+ Nxf6 22. Rxc1 (22. Nxc1 Bc7 23. Nd3 a5 24. f3 Ke7 25. a4 $14 {
Bl will have a bit of difficulty with his B}) 22... Kd7 $11 23. h3 (23. f3)
23... Nd5 24. Bd2 Be7 25. a3 {creates a weakness} (25. Kf3 Rd8 26. e4 Nb4 27.
Bxb4 Bxb4 28. a3 {fine now the N has gone} Be7 29. Nd2 b5 30. Nf1 Rc8 31. Rxc8
Kxc8 32. Ne3 Bc5 33. Nf5 $11 {Komodo11}) 25... a5 (25... f5 26. f3 f4 27. Kf2
Rf8 28. Rc4 $11 {Komodo11}) 26. Kf3 (26. e4 Nf6 27. f3 a4 28. Na1 Rb8 29. Nc2
Rc8 30. Bc3 Ke6 31. Rd1 Rd8 $11 {and the Wh pieces are slightly better placed
than the Bl ones}) 26... a4 (26... f5 27. e4 fxe4+ 28. Kxe4 Nf6+ 29. Kxe5 Bd6+
30. Kd4 a4 31. Na1 Bc5+ 32. Kc4 Bxf2 33. Kb5 Bxg3 34. Kxa4 $11 {Komodo11}) 27.
Na1 (27. e4 Nc7 28. Na1 Ne6 29. Be3 Rc8 30. Rxc8 Kxc8 31. Bxb6 Ng5+ 32. Ke2 (
32. Ke3 Kb7 $17) 32... Nxe4 $11 {Komodo``}) 27... b5 28. Nc2 (28. e4 Nb6 29.
Nc2 Rc8 30. Bc3 Nc4 31. Ne3 $11 {Komodo11}) 28... Rc8 29. Ne3 $6 {the Wh
pieces now enter a period of inferior placement} (29. e4 $1) 29... Rxc1 30.
Bxc1 Nb6 $11 {Wh can make good use of his N to defend against K invasions} (
30... Nxe3 $1 {[%eval 0,0] Komodo11. Wh has now an inferior} 31. Bxe3 Kc6 32.
Ke4 b4 (32... f5+ 33. Kd3 (33. Kxf5 Kd5 34. Kg4 Kc4 $19) 33... Kd5) 33. axb4
Kb5 34. Kd3 (34. Kxe5 Bf6+ $19) 34... Kxb4 35. Kc2 Bc5 36. Bd2+ Kc4 37. f3 Bb4
38. Be3 f5 $15 {Komodo11}) 31. Ke4 Ke6 32. Kd3 Bc5 33. Kc3 {removes the K from
the centre} (33. f3 f5 34. Nd1 Kd5 35. Nc3+ Kc6 36. e4 $11 {Komodo11}) 33... f5
$15 (33... e4 $15) (33... Nd5+ 34. Nxd5 Kxd5 35. f3 f5 $15) 34. Nd1 Nd5+ 35.
Kc2 Kd6 (35... e4 36. f3 Bd6 37. fxe4 fxe4 38. g4 Bc5 39. Bd2 Bd4 $15) 36. Kd3
e4+ 37. Kc2 Bd4 38. b3 Bc5 39. e3 (39. f3 {preferred by Komodo11 & Stockfish9}
Ke6 $15) 39... Kc6 40. Nc3 Nb6 (40... Nxc3 41. Kxc3 h5 $17 {both Engines}) 41.
Ne2 $11 {both Engines} axb3+ 42. Kxb3 Nc4 43. h4 (43. Nd4+ Bxd4 44. exd4 $11)
43... g6 (43... Na5+ 44. Kc3 g6 45. Nd4+ Kb6 $15 {Komodo11}) 44. Bb2 (44. Nd4+
Bxd4 (44... Kb6 45. Nxb5 Kxb5 46. a4+ Ka5 47. Kxc4 Bb4 48. Bb2 Kxa4 49. Bc3 $11
) 45. exd4 $11 {Komodo11}) 44... Nd2+ $15 (44... Nxb2 45. Kxb2 Bb6 $17 {Wh has
vulnerable pawns on the K side} 46. Kc2 Ba5 47. Nc3 Kc5) 45. Kc2 Nf3 46. Nf4
Bd6 47. Nh3 Kd5 $17 {the Wh pieces (passively placed)are unable to protect
their pawns against Bl entry} 48. Kb3 Nd2+ 49. Kc2 Nc4 50. Kb3 (50. Bc3 Nxa3+
51. Kb3 Nc4 52. Ng5 h6 53. Nf7 h5 54. Nxd6 (54. Nh8 b4 $19 55. Bxb4 Bxb4 56.
Kxb4 Ne5 {and the Wh N is trapped}) 54... Nxd6 $19 {Komodo11}) 50... Nxb2 $19
51. Kxb2 Kc4 52. Ng5 Be7 (52... Kd3 {simpler}) 53. Ne6 Kd3 54. Nf4+ Kd2 55. Nd5
Bd6 (55... Bc5) 56. Kb3 Ke1 57. Nc3 Kxf2 58. Nxb5 Bc5 (58... Bxg3) 59. a4 Bxe3
(59... Kxe3 60. Kc4 Bb6 61. Na3 Kf3 {[%eval 0,0] Komodo11, there are many ways
to win, the a pawn is no threat for a}) 60. a5 Kxg3 61. Kc4 f4 (61... Ba7 $1 {
is a Komodo11 & Stockfish9 tease, & the best it seems} 62. Nxa7 e3 63. Kd3 Kf2
64. Nc6 e2 $19) 62. Nd4 Bxd4 (62... f3 63. Nc2 Ba7) 63. Kxd4 e3 64. a6 e2 65.
a7 e1=Q 66. a8=Q Qe3+ {[%emt 0:00:23] Stockfish9 has mate in 17 ready, it
takes Komodo11 a little to decide on mate in} 67. Kc4 f3 68. Qa1 f2 (68... Qe2+
{mates a bit quicker}) 0-1

[Event "Dyfed Open"]
[Site "?"]
[Date "2018.02.17"]
[Round "2"]
[White "Bourne, Johnathan D"]
[Black "James, David J"]
[Result "1/2-1/2"]
[WhiteElo "1957"]
[BlackElo "2119"]
[Annotator "Rudy"]
[PlyCount "28"]
[EventDate "2018.??.??"]

1. e4 c5 2. Nc3 a6 3. g3 b5 4. Bg2 Bb7 5. Nge2 e6 6. O-O d5 (6... Nf6 {main})
7. exd5 exd5 (7... b4 8. Na4 Bxd5 {every result in 3 games}) 8. d4 $18 {
Komodo11 & Stockfish9} b4 (8... Nf6 9. Bg5 b4 10. Bxf6 gxf6 11. Na4 c4 12. Nf4
{Gdanski-Wachinger, EU ch blitz, Katowice 2017,1-0}) (8... c4 9. Nf4 Nf6 10.
Nh5 Ne4 11. Re1 g6 12. Nf4 Be7 13. Ncxd5 {Gdanski-Narva, EU ch blitz 2017,1-0})
9. Na4 c4 10. Re1 Be7 11. b3 (11. Nf4 Nf6 12. Nc5 Bc8 (12... Ra7 13. Nce6 (13.
Qe2 {Komodo11 initial, then gets to same variations}) 13... fxe6 14. Nxe6 Qb6
15. Nxg7+ Kd8 16. Re6 Bc6 17. Nf5 $18) 13. Nxd5 Nxd5 14. Qh5 $18 {Stockfish9})
(11. Nc5 Bc8 12. b3 cxb3 13. c4 Nf6 14. cxd5 Ra7 15. Bf4 Bg4 16. Qxb3 $18 {
Stockfish9}) 11... cxb3 12. axb3 (12. Nc5 $18 {Stockfish9}) (12. c4 $18 {
Komodo11}) 12... Nf6 13. c4 bxc3 14. Nexc3 O-O {Draw agreed} (14... O-O 15. Nc5
$16 {both Engines} (15. Rxe7 Qxe7 16. Ba3 Qd8 17. Bxf8 Kxf8 18. Nc5 $16 {both
Engines})) 1/2-1/2

[Event "Dyfed Open"]
[Site "?"]
[Date "2018.02.17"]
[Round "2"]
[White "May, Adam J"]
[Black "May, Frank"]
[Result "1/2-1/2"]
[WhiteElo "1951"]
[BlackElo "2096"]
[Annotator "Rudy"]
[PlyCount "69"]
[EventDate "2018.??.??"]

1. c4 e6 2. g3 Nf6 3. Bg2 d5 4. Nf3 Be7 5. O-O O-O 6. b3 c6 (6... c5) (6... b6
{main lines}) 7. Bb2 Nbd7 8. d3 (8. d4 {transposes to a Catalan}) 8... Re8 9.
Nbd2 Bf8 10. Qc2 a5 (10... e5 {main}) 11. a3 (11. e4 dxe4 12. Nxe4 Nxe4 13.
dxe4 e5 14. Ne1 Nc5 15. Bc3 Qb6 16. h3 f6 17. Kh1 Be6 18. f4 exf4 19. gxf4 Rad8
{Karatorossian-Pashikian, ARM ch, Yerevan 2007,0-1}) 11... b5 (11... Nc5 12.
Rad1 (12. Rfb1 b6 13. b4 axb4 14. axb4 Na6 15. Qb3 {Schoepf-Weimer, Ruhrgebiet
Regionalliga 2009,1/2-1/2}) 12... b5 13. Ne5 Bb7 14. d4 Ncd7 15. Ndf3 Nxe5 16.
dxe5 Nd7 17. h4 bxc4 18. bxc4 Ba6 19. cxd5 cxd5 20. Rb1 Rc8 {Vorobiev-Ergeshov,
Baykal op, Irkutsk 2015,0-1}) 12. e4 {Komodo11} (12. Bc3 Bb7 13. b4 bxc4 14.
dxc4 axb4 15. axb4 c5 16. b5 d4 17. Bb2 e5 18. Nb3 Be4 19. Qd2 Nb6 20. Na5 Qd7
21. Rfc1 h6 {Uksini-Pretterhofer, Styrian op, Bad Gleichenberg 2013,0-1}) 12...
bxc4 13. bxc4 dxe4 14. dxe4 e5 15. Rfe1 Qc7 16. h3 Rb8 17. Bc3 Nc5 18. Rab1
Rxb1 19. Rxb1 Nfd7 20. Bf1 Bd6 21. Kg2 $15 {(draw?)} Qd8 (21... Rd8 $15) (21...
f6 $15) 22. Rd1 a4 (22... Bc7 $15) 23. Be2 Qe7 24. Nh4 g6 25. Nhf3 h6 26. Bb2
Kh7 27. Bc3 Qe6 (27... Nf8 28. Bb2 Bc7 $15 {Komodo11}) 28. Kh2 Bf8 (28... Nb3
29. Bf1 Ndc5 30. Bb4 Qe7 $15 {Komodo11}) 29. Bf1 Bg7 30. Bb2 (30. Bb4 $11)
30... Qe7 31. Bc3 Qd8 32. Bb4 Qc7 33. Bc3 Nf8 34. Rb1 Nfe6 35. Qb2 (35. Qb2 f6
36. Qb6 Qxb6 37. Rxb6 Bd7 38. Kg2 Bf8 $15 {Komodo11 & Stockfish9}) 1/2-1/2

[Event "Dyfed Open"]
[Site "?"]
[Date "2018.02.17"]
[Round "2"]
[White "Waddington, Mike P"]
[Black "Morcom, Huw"]
[Result "1-0"]
[WhiteElo "2086"]
[BlackElo "1913"]
[Annotator "Rudy"]
[PlyCount "91"]
[EventDate "2018.??.??"]

1. c4 Nf6 2. Nc3 g6 3. g3 Bg7 4. Bg2 O-O 5. b4 c6 6. Rb1 d5 7. cxd5 cxd5 8. d4
(8. Nf3 {2 draws, 2 losses}) 8... Bf5 9. Rb3 Nc6 10. Nf3 Ne4 (10... Qb6 11. O-O
Rfd8 12. e3 Rac8 13. Ba3 e6 14. Nh4 Bf8 15. Nxf5 exf5 16. Qb1 Ne4 17. Nxe4 fxe4
18. Rc1 {Goldie-Novy, EU ch U12, Mureck 2012,1-0}) 11. a3 (11. Na4 Qe8 12. O-O
Rd8 13. Nb2 Nd6 14. e3 Be4 15. Nd3 Bxd3 16. Qxd3 b5 17. h4 Nc4 18. h5 {
Barreras-Diaz, Capablanca mem, Camaguey 1974, 1/2-1/2}) 11... Rc8 (11... a5 12.
Na2 axb4 13. Nxb4 Na5 14. Rd3 Rc8 $17 {Komodo11 & Stockfish9}) 12. Bb2 a5 (
12... Nd6 $15 {both Engines}) 13. O-O axb4 14. axb4 Nxb4 (14... Nxc3 15. Bxc3
Na7 16. b5 Qd7 17. b6 Nb5 18. Qd2 Nxc3 19. Rxc3 Qb5 $15 {Komodo11}) 15. Nxe4
dxe4 16. Rxb4 exf3 17. Bxf3 $14 Qa5 (17... b6 18. Qb3 Bc2 19. Qa3 Qd6 20. Ra1
Rfd8 21. d5 $14 {Komodo11}) 18. Rxb7 $16 Bc2 19. Qa1 Qd8 20. Rc1 $18 (20. d5
$18) 20... e6 21. Qa7 g5 22. e3 (22. Rd7) 22... Bf5 23. Rxc8 Qxc8 24. Ba3 (24.
Rc7 Qb8 (24... Qe8 25. Bh5 $18) 25. Rxf7 Qxa7 26. Rxa7 $18 {Komodo11}) (24. h3
Bxh3 25. Ba3 $18 {Komodo11}) 24... Bh3 (24... Qc3 $11 25. Bxf8 Qe1+ 26. Kg2 Bd3
27. Kh3 Bf5+ 28. Kg2 (28. g4 Qxf2 29. Bd1 Be4 30. Bxg7 Qg2#) 28... Bd3 $11 {
Komodo11 & Stockfish9}) 25. Rc7 $18 (25. Bc5 $18) 25... Qb8 26. Qb7 (26. Bg2
$18) 26... Qxb7 27. Bxb7 Rb8 28. Bc5 (28. f3 $18) 28... h6 29. f3 $18 Bf5 30.
e4 Bg6 31. Kf2 Rd8 32. Ke3 Bf6 33. f4 Rb8 34. Rc8+ Rxc8 35. Bxc8 Bd8 36. Bb7 (
36. f5 exf5 37. Bxf5 {Komodo11}) 36... f6 37. e5 (37. Bc8) 37... Kf7 38. d5
exd5 (38... gxf4+ 39. gxf4 fxe5 40. fxe5 exd5 {Komodo11- minimizes the number
of pawns}) 39. Bxd5+ Ke8 40. e6 Be7 41. Bc6+ Kf8 42. Bb6 (42. Bd4) 42... Bf5
43. Bd7 gxf4+ 44. Kxf4 Bh3 45. Ke4 Bb4 $2 46. e7+ 1-0